[Event "TUR-ch"]
[Site "Antalya"]
[Date "2013.02.05"]
[Round "5"]
[White "Yuvarlak, Ugur"]
[Black "Hajiyev, Shahin Qabil"]
[Result "1/2-1/2"]
[WhiteElo "1874"]
[BlackElo "2099"]
[PlyCount "69"]
[EventDate "2013.02.02"]
[EventType "swiss"]
[EventRounds "11"]
[EventCountry "TUR"]
[SourceTitle "CBM 152 Extra"]
[Source "ChessBase"]
[SourceDate "2013.02.25"]
[SourceVersion "1"]
[SourceVersionDate "2013.02.25"]
[SourceQuality "1"]

1. c4 e6 2. Nf3 Nf6 3. a3 d5 4. cxd5 exd5 5. d4 c6 6. Qc2 g6 7. e3 Bf5 8. Bd3 Bxd3 9. Qxd3 Nbd7 10. Nc3 Bg7 11. 0-0 0-0 12. b4 a6 13. Nd2 Re8 14. Nb3 b5 15. Bd2 Nb6 16. Rae1 Nc4 17. Bc1 Ra7 18. Nd2 a5 19. e4 axb4 20. axb4 Nxd2 21. Bxd2 dxe4 22. Nxe4 Nxe4 23. Rxe4 Rxe4 24. Qxe4 Bxd4 25. Qxc6 Qb6 26. Qc8+ Kg7 27. Qc1 h5 28. Bh6+ Kh7 29. Be3 Re7 30. Re1 Bxe3 31. Rxe3 Rxe3 32. fxe3 Kg7 33. Qc3+ Kf8 34. Qh8+ Ke7 35. Qe5+ 1/2-1/2

[Event "TUR-ch"]
[Site "Antalya"]
[Date "2013.02.03"]
[Round "2"]
[White "Evin, Abdulkerim"]
[Black "Yuvarlak, Ugur"]
[Result "0-1"]
[WhiteElo "1405"]
[BlackElo "1874"]
[PlyCount "33"]
[EventDate "2013.02.02"]
[EventType "swiss"]
[EventRounds "11"]
[EventCountry "TUR"]
[SourceTitle "CBM 152 Extra"]
[Source "ChessBase"]
[SourceDate "2013.02.25"]
[SourceVersion "1"]
[SourceVersionDate "2013.02.25"]
[SourceQuality "1"]

1. e4 e5 2. Nf3 Nc6 3. Bb5 a6 4. Ba4 d6 5. c3 Bd7 6. d4 Nf6 7. 0-0 g6 8. Bg5 Bg7 9. Bxc6 Bxc6 10. Nbd2 h6 11. Bh4 exd4 12. cxd4 g5 13. Bg3 Nxe4 14. Nc4 0-0 15. Re1 Nxg3 16. hxg3 Qf6 17. d5 0-1

[Event "IBCA EU-ch blind 05th"]
[Site "Rhodes"]
[Date "2011.09.08"]
[Round "3"]
[White "Znuderl, Matej"]
[Black "Yuvarlak, Ugur"]
[Result "1-0"]
[WhiteElo "2036"]
[BlackElo "1887"]
[PlyCount "71"]
[EventDate "2011.09.06"]
[EventType "swiss"]
[EventRounds "9"]
[EventCountry "GRE"]
[SourceTitle "CBM 144 Extra"]
[Source "ChessBase"]
[SourceDate "2011.10.28"]
[SourceVersion "1"]
[SourceVersionDate "2011.10.28"]
[SourceQuality "1"]

1. c4 Nf6 2. g3 g6 3. Bg2 Bg7 4. Nc3 0-0 5. d4 d6 6. Nf3 Nbd7 7. e4 e5 8. 0-0 exd4 9. Nxd4 a6 10. Bg5 h6 11. Bf4 Nb6 12. b3 Bg4 13. Qd2 Qd7 14. Bxh6 Bh3 15. Bxg7 Kxg7 16. Rad1 Rh8 17. f3 Bxg2 18. Qxg2 Rh3 19. Rf2 Rah8 20. Qf1 Nh5 21. Nf5+ gxf5 22. Qxh3 Nf4 23. Qxf5 Qxf5 24. exf5 Nh3+ 25. Kg2 Nxf2 26. Kxf2 Rxh2+ 27. Ke3 Rc2 28. Rd3 Nd7 29. Nd5 Ne5 30. Rd2 Rxd2 31. Kxd2 c6 32. f4 cxd5 33. fxe5 dxe5 34. cxd5 Kf6 35. d6 b5 36. b4 1-0

[Event "IBCA Wch blind 12th"]
[Site "Belgrade"]
[Date "2010.09.02"]
[Round "7.44"]
[White "Sehitogullari, Halil"]
[Black "Yuvarlak, Ugur"]
[Result "0-1"]
[WhiteElo "1624"]
[BlackElo "1881"]
[PlyCount "108"]
[EventDate "2010.08.26"]
[EventType "swiss"]
[EventRounds "9"]
[EventCountry "SRB"]
[SourceTitle "EXT 2011"]
[Source "ChessBase"]
[SourceDate "2010.11.26"]
[SourceVersion "1"]
[SourceVersionDate "2010.11.26"]
[SourceQuality "1"]

1. f4 d5 2. e3 Nf6 3. b3 Bg4 4. Be2 Bxe2 5. Qxe2 c6 6. Bb2 e6 7. Nf3 Nbd7 8. 0-0 Bd6 9. d3 Qe7 10. Nbd2 0-0 11. Ne5 Ba3 12. Bxa3 Qxa3 13. Nxd7 Nxd7 14. Nf3 Qb2 15. d4 Nf6 16. Ne5 Ne4 17. Qd3 f6 18. Nf3 Qc3 19. Qxc3 Nxc3 20. Nd2 b5 21. b4 a5 22. a3 axb4 23. axb4 Na2 24. Rfb1 Ra4 25. Kf2 Rfa8 26. Nb3 Rxb4 27. Nc5 Rxb1 28. Rxb1 Nc3 29. Rb3 Ne4+ 30. Nxe4 dxe4 31. Rc3 Ra6 32. g4 Kf7 33. h4 Ke7 34. Rc5 Kd6 35. f5 e5 36. g5 Ra4 37. c3 Rc4 38. Rxc4 bxc4 39. Kg3 exd4 40. exd4 c5 41. dxc5+ Kxc5 42. Kf4 Kd5 43. gxf6 gxf6 44. h5 h6 45. Kg3 Ke5 46. Kg4 e3 47. Kf3 Kxf5 48. Kxe3 Ke5 49. Ke2 Ke4 50. Kd2 Kf3 51. Kd1 Ke3 52. Kc2 Ke2 53. Kc1 Kd3 54. Kd1 Kxc3 0-1

[Event "IBCA Wch blind 12th"]
[Site "Belgrade"]
[Date "2010.08.28"]
[Round "3.15"]
[White "Djukic, Nebojsa"]
[Black "Yuvarlak, Ugur"]
[Result "1-0"]
[WhiteElo "2176"]
[BlackElo "1881"]
[PlyCount "29"]
[EventDate "2010.08.26"]
[EventType "swiss"]
[EventRounds "9"]
[EventCountry "SRB"]
[SourceTitle "EXT 2011"]
[Source "ChessBase"]
[SourceDate "2010.11.26"]
[SourceVersion "1"]
[SourceVersionDate "2010.11.26"]
[SourceQuality "1"]

1. e4 e5 2. Nf3 Nc6 3. Bc4 Nf6 4. d4 exd4 5. 0-0 Nxe4 6. Re1 d5 7. Bxd5 Qxd5 8. Nc3 Qf5 9. Nxe4 Be6 10. Nxd4 Nxd4 11. Qxd4 Rd8 12. Qc3 Bd6 13. Nxd6+ Rxd6 14. Qxg7 Rf8 15. Bh6 1-0

[Event "IBCA Wch U20 blind 5th"]
[Site "Uppsala"]
[Date "2009.06.23"]
[Round "5"]
[White "Yuvarlak, Ugur"]
[Black "Iwancio, Lukasz"]
[Result "0-1"]
[WhiteElo "1845"]
[BlackElo "2018"]
[PlyCount "120"]
[EventDate "2009.06.20"]
[EventType "swiss"]
[EventRounds "7"]
[EventCountry "SWE"]
[SourceTitle "EXT 2010"]
[Source "ChessBase"]
[SourceDate "2010.11.25"]
[SourceVersion "1"]
[SourceVersionDate "2010.11.25"]
[SourceQuality "1"]

1. d4 d5 2. c4 e6 3. Nc3 c6 4. e3 Nf6 5. Nf3 Nbd7 6. Qc2 Bb4 7. Bd2 Qc7 8. a3 Bxc3 9. Bxc3 0-0 10. Bd3 dxc4 11. Bxc4 b5 12. Bd3 Bb7 13. 0-0 Rab8 14. Bb4 Rfc8 15. Bc5 Nxc5 16. Qxc5 Nd7 17. Qh5 h6 18. Rac1 Qd6 19. Nd2 c5 20. Bxb5 cxd4 21. Nc4 Qd5 22. Qxd5 Bxd5 23. Bxd7 Rxc4 24. b4 Rbc8 25. Ba4 R8c7 26. Rxc4 Rxc4 27. exd4 Rxd4 28. Rc1 Rc4 29. Rxc4 Bxc4 30. Bc6 Kf8 31. a4 Ke7 32. f4 Kd6 33. Be8 f6 34. Kf2 Kd5 35. Ke3 Ba6 36. b5 Bb7 37. Bf7 Kc5 38. Bxe6 Bxg2 39. Bd7 Kb4 40. Bc6 Bh3 41. Kd4 Be6 42. h4 Bb3 43. a5 Kxa5 44. Kc5 g5 45. fxg5 fxg5 46. hxg5 hxg5 47. Bd7 Bd1 48. Be6 Be2 49. Bd7 Bf1 50. Bc6 Bxb5 51. Be4 g4 52. Bf5 g3 53. Bh3 Ka4 54. Kd4 Kb4 55. Bg2 a5 56. Ke3 Kc5 57. Kd2 Kd4 58. Kc2 Ke3 59. Kb2 Kf2 60. Bd5 Be2 0-1

[Event "FICGS W-ch st1 g11 email"]
[Site "FICGS email"]
[Date "2008.07.08"]
[Round "1"]
[White "Wosch, Arkadiusz Janusz"]
[Black "Yuvarlak, Ugur"]
[Result "1-0"]
[WhiteElo "1917"]
[BlackElo "1860"]
[PlyCount "43"]
[EventDate "2008.??.??"]
[EventType "tourn (corr)"]
[EventRounds "8"]
[SourceTitle "Corr 2022"]
[Source "ChessBase"]
[SourceDate "2021.10.24"]
[SourceVersion "1"]
[SourceVersionDate "2021.10.24"]
[SourceQuality "1"]

1. e4 e5 2. Nf3 Nc6 3. Bc4 Nf6 4. d3 Be7 5. 0-0 0-0 6. Re1 d6 7. c3 Na5 8. Bb5 a6 9. Ba4 b5 10. Bc2 c5 11. Nbd2 Re8 12. Nf1 g6 13. a3 c4 14. d4 Bb7 15. Ng3 Nd7 16. Bh6 Bf6 17. a4 Qc7 18. Qd2 Nb3 19. Bxb3 cxb3 20. axb5 axb5 21. Rxa8 Rxa8 22. Qd1 1-0

[Event "FICGS class C 000085 email"]
[Site "FICGS email"]
[Date "2008.06.26"]
[Round "1"]
[White "Yuvarlak, Ugur"]
[Black "Block, Benjamin"]
[Result "0-1"]
[WhiteElo "1860"]
[BlackElo "1711"]
[PlyCount "40"]
[EventDate "2008.??.??"]
[EventType "tourn (corr)"]
[EventRounds "4"]
[SourceTitle "Corr 2022"]
[Source "ChessBase"]
[SourceDate "2021.10.24"]
[SourceVersion "1"]
[SourceVersionDate "2021.10.24"]
[SourceQuality "1"]

1. d4 Nf6 2. c4 g6 3. Nc3 d5 4. cxd5 Nxd5 5. e4 Nxc3 6. bxc3 Bg7 7. Nf3 c5 8. Rb1 0-0 9. Be2 Nc6 10. d5 Ne5 11. Nxe5 Bxe5 12. Qd2 e6 13. f4 Bc7 14. 0-0 exd5 15. exd5 Re8 16. c4 Qe7 17. Bd3 f6 18. Qc3 Qd6 19. Bb2 Kg7 20. Rbe1 Bf5 0-1

[Event "FICGS W-ch st1 g10 email"]
[Site "FICGS email"]
[Date "2007.07.11"]
[Round "1"]
[White "Koslowski, Volker"]
[Black "Yuvarlak, Ugur"]
[Result "1-0"]
[WhiteElo "2215"]
[BlackElo "1867"]
[PlyCount "59"]
[EventDate "2007.??.??"]
[EventType "tourn (corr)"]
[EventRounds "8"]
[SourceTitle "Corr 2022"]
[Source "ChessBase"]
[SourceDate "2021.10.24"]
[SourceVersion "1"]
[SourceVersionDate "2021.10.24"]
[SourceQuality "1"]

1. e4 c5 2. Nf3 d6 3. d4 cxd4 4. Nxd4 Nf6 5. Nc3 a6 6. Be3 Ng4 7. Bg5 h6 8. Bh4 g5 9. Bg3 Bg7 10. h3 Ne5 11. Nf5 Bxf5 12. exf5 Nbc6 13. Nd5 e6 14. fxe6 fxe6 15. Ne3 h5 16. Be2 h4 17. Bh2 Qe7 18. c3 0-0-0 19. Qb3 d5 20. 0-0 d4 21. Nc4 d3 22. Bg4 Rhe8 23. Rae1 Qc5 24. Nb6+ Kb8 25. Na4 Qa5 26. Bf3 Rd6 27. Bxe5 Bxe5 28. Nb6 d2 29. Re3 Bf4 30. Nc4 1-0

[Event "FICGS W-ch st1 g10 email"]
[Site "FICGS email"]
[Date "2007.07.11"]
[Round "1"]
[White "Yuvarlak, Ugur"]
[Black "Kotlyanskiy, Edward"]
[Result "0-1"]
[WhiteElo "1867"]
[BlackElo "2132"]
[PlyCount "102"]
[EventDate "2007.??.??"]
[EventType "tourn (corr)"]
[EventRounds "8"]
[SourceTitle "Corr 2022"]
[Source "ChessBase"]
[SourceDate "2021.10.24"]
[SourceVersion "1"]
[SourceVersionDate "2021.10.24"]
[SourceQuality "1"]

1. d4 d5 2. c4 e6 3. Nf3 Nf6 4. e3 dxc4 5. Bxc4 c5 6. 0-0 a6 7. Bb3 Nc6 8. Nc3 cxd4 9. exd4 Be7 10. Bg5 0-0 11. Qd2 b5 12. Rad1 Na5 13. Bc2 Nc4 14. Qf4 Ra7 15. Ne5 Rc7 16. Nxc4 Rxc4 17. Qh4 h5 18. Bb3 Rc7 19. Rfe1 Bb7 20. Re5 Rd7 21. a3 Qc7 22. Re3 Qd8 23. Rg3 g6 24. h3 Kg7 25. Rd2 Rh8 26. Bc2 Ne8 27. Qf4 h4 28. Bxe7 Qxe7 29. Rg5 Qf6 30. Qg4 Nd6 31. Bb3 Rc8 32. d5 Rxc3 33. bxc3 Ne4 34. Qxe4 Qxg5 35. Qd4+ Kg8 36. f4 Qd8 37. d6 Bd5 38. Bxd5 Rxd6 39. c4 bxc4 40. Qxc4 a5 41. f5 gxf5 42. Qf4 Kg7 43. Rd3 Qb6+ 44. Kh2 Rxd5 45. Rxd5 exd5 46. Qxh4 Qd6+ 47. g3 Kg6 48. Qa4 Qc5 49. h4 Qf2+ 50. Kh3 Qf1+ 51. Kh2 Qe2+ 0-1

[Event "FICGS W-ch st1 g10 email"]
[Site "FICGS email"]
[Date "2007.07.11"]
[Round "1"]
[White "Yuvarlak, Ugur"]
[Black "Szabo, Sandor"]
[Result "1-0"]
[WhiteElo "1867"]
[BlackElo "1519"]
[PlyCount "89"]
[EventDate "2007.??.??"]
[EventType "tourn (corr)"]
[EventRounds "8"]
[SourceTitle "Corr 2022"]
[Source "ChessBase"]
[SourceDate "2021.10.24"]
[SourceVersion "1"]
[SourceVersionDate "2021.10.24"]
[SourceQuality "1"]

1. e4 d5 2. exd5 Nf6 3. d4 Nxd5 4. c4 Nf6 5. Nc3 e5 6. dxe5 Qxd1+ 7. Nxd1 Ng4 8. f4 Na6 9. Nf3 Nb4 10. Nd4 Bc5 11. a3 Bxd4 12. axb4 f6 13. h3 Nh6 14. exf6 Bxf6 15. g4 Bh4+ 16. Kd2 0-0 17. Kc2 Bg3 18. f5 Nf7 19. Nc3 g6 20. Rg1 Be5 21. Bd3 gxf5 22. gxf5+ Kh8 23. Re1 Rd8 24. Nd5 c6 25. Nf4 Re8 26. Bd2 Bd7 27. Bc3 Bxc3 28. Kxc3 Ne5 29. Bc2 Nf3 30. Rxe8+ Rxe8 31. Rxa7 Re3+ 32. Bd3 Bxf5 33. Rxb7 Bxd3 34. Nxd3 Ne1 35. Rd7 Rxh3 36. b5 cxb5 37. cxb5 Nxd3 38. Rxd3 Rh6 39. Kc4 Kg8 40. Rg3+ Kh8 41. Rb3 Kg7 42. b6 Rc6+ 43. Kd5 Rc8 44. b7 Re8 45. b8Q 1-0

[Event "FICGS rapid B 000038 email"]
[Site "FICGS email"]
[Date "2007.02.21"]
[Round "1"]
[White "Yuvarlak, Ugur"]
[Black "Madsen, John"]
[Result "1-0"]
[WhiteElo "1642"]
[BlackElo "1688"]
[PlyCount "63"]
[EventDate "2007.??.??"]
[EventType "tourn (rapid)"]
[EventRounds "6"]
[SourceTitle "Corr 2022"]
[Source "ChessBase"]
[SourceDate "2021.10.24"]
[SourceVersion "1"]
[SourceVersionDate "2021.10.24"]
[SourceQuality "1"]

1. d4 f5 2. g3 Nf6 3. Bg2 c6 4. Nf3 d6 5. 0-0 e6 6. c4 Be7 7. Nc3 0-0 8. h3 Nbd7 9. d5 Nc5 10. dxc6 Nfe4 11. Nd4 Qb6 12. Nxe4 fxe4 13. Be3 Qxb2 14. Rb1 Qxa2 15. cxb7 Bxb7 16. Nxe6 Bc6 17. Nxf8 Bxf8 18. Rc1 Rb8 19. Rc2 Qa4 20. f3 Qb3 21. Qd2 a5 22. fxe4 Nxe4 23. Qd3 Qb7 24. Bd4 Re8 25. Rb2 Qc8 26. Rb6 Ba8 27. Rb5 a4 28. Ra5 Bb7 29. Ra7 Re7 30. Qf3 d5 31. cxd5 Nf6 32. Bxf6 1-0

[Event "FICGS class C 000030 email"]
[Site "FICGS email"]
[Date "2007.02.21"]
[Round "1"]
[White "Yuvarlak, Ugur"]
[Black "Oliveira, Carlos"]
[Result "1-0"]
[WhiteElo "1642"]
[BlackElo "1981"]
[PlyCount "41"]
[EventDate "2007.??.??"]
[EventType "tourn (corr)"]
[EventRounds "4"]
[SourceTitle "Corr 2022"]
[Source "ChessBase"]
[SourceDate "2021.10.24"]
[SourceVersion "1"]
[SourceVersionDate "2021.10.24"]
[SourceQuality "1"]

1. d4 d6 2. e4 c6 3. Nc3 Qc7 4. Nf3 e5 5. Be3 Nf6 6. h3 Nbd7 7. Qd2 Be7 8. 0-0-0 0-0 9. g4 Re8 10. g5 Nh5 11. d5 a5 12. Be2 g6 13. Nh2 Ng7 14. Ng4 f5 15. Nh6+ Kf8 16. exf5 Nxf5 17. Nxf5 gxf5 18. Bh5 Rd8 19. dxc6 bxc6 20. Nd5 Qb7 21. Nxe7 1-0

[Event "FICGS W-ch st1 g07 email"]
[Site "FICGS email"]
[Date "2007.01.16"]
[Round "1"]
[White "Yuvarlak, Ugur"]
[Black "Cheparinov, Nedelcho"]
[Result "1-0"]
[WhiteElo "1642"]
[BlackElo "2004"]
[PlyCount "47"]
[EventDate "2007.??.??"]
[EventType "tourn (corr)"]
[EventRounds "8"]
[SourceTitle "Corr 2022"]
[Source "ChessBase"]
[SourceDate "2021.10.24"]
[SourceVersion "1"]
[SourceVersionDate "2021.10.24"]
[SourceQuality "1"]

1. d4 d5 2. c4 c6 3. Nc3 Nf6 4. Nf3 e6 5. Bg5 h6 6. Bh4 dxc4 7. e4 g5 8. Bg3 b5 9. Be2 Bb7 10. h4 g4 11. Ne5 Nbd7 12. Nxd7 Qxd7 13. Be5 Qe7 14. 0-0 Rg8 15. Rc1 Rd8 16. Re1 h5 17. Qc2 Bh6 18. Rcd1 g3 19. Bxg3 Rxg3 20. fxg3 Be3+ 21. Kf1 Bxd4 22. Rxd4 Rxd4 23. e5 Nd5 24. Qc1 1-0

[Event "FICGS rapid B 000015 email"]
[Site "FICGS email"]
[Date "2006.09.12"]
[Round "1"]
[White "Yuvarlak, Ugur"]
[Black "Vrenchur, Lojze"]
[Result "1-0"]
[WhiteElo "1578"]
[BlackElo "1400"]
[PlyCount "37"]
[EventDate "2006.??.??"]
[EventType "tourn (rapid)"]
[EventRounds "6"]
[SourceTitle "Corr 2022"]
[Source "ChessBase"]
[SourceDate "2021.10.24"]
[SourceVersion "1"]
[SourceVersionDate "2021.10.24"]
[SourceQuality "1"]

1. d4 d5 2. Nf3 c5 3. g3 c4 4. Bg2 Bf5 5. c3 e6 6. Nfd2 h5 7. e4 Bg6 8. 0-0 Nf6 9. Re1 Qb6 10. exd5 Bf5 11. dxe6 Bxe6 12. d5 Bc5 13. Qe2 Ng4 14. Ne4 Nxf2 15. Nxf2 0-0 16. dxe6 f6 17. e7 Re8 18. Bd5+ Kh8 19. Qxh5# 1-0